000 01197cab a2200253 4500
001 ABS45406
008 090401t1991 xxu||||| |||| 00| 0 eng d
035 _a(Sirsi) u52740
041 _aeng
100 _aTyler, M.
245 _aLegal ramifications of sick building syndrome
260 _c1991
350 _a0
490 _aProperty Management
_v9(4) Autumn 1991, 317-322(6)
520 _aA discussion on sick building syndrome including a definition of sick building syndrome, the legal responsibilities of the building occupier with reference to the Health and Safety Act 1974 and the Control of Substances Hazardous to Health Regulations 1988 (COSHH) and shared legal responsibility between occupier and professionals responsible for the building. Concludes with advice on taking practical steps to reduce the potential for sick building syndrome.
650 _aCONTROL OF SUBSTANCES HAZARDOUS TO HEALTH REGULATIONS 1988
650 _aHEALTH AND SAFETY AT WORK ETC ACT 1974
650 _aHEALTH AND SAFETY
_96244
650 _aSICK BUILDING SYNDROME
650 _aWORK-RELATED ILLNESSES
690 _aBUILT ENVIRONMENT-BUILDING STANDARDS
942 _n0
948 _c04/03/1997
999 _c32579
_d32579